000 00763ngm a2200193 a 4500
005 20210219145814.0
008 991125s1999 mx 160 d daspa u
035 _aUPN01000001347
049 _aAV
099 _aPVI M 0802
100 1 _aVerdi, Giuseppi,
_d1813-1901
245 1 0 _aAída :
_bópera en cuatro actos /
_cGiuseppi Verdi ; libreto Antonio Ghislanzoni, conductor Lorin Maazel.
260 _aMéxico :
_bCanal 22 :
_bCNCA,
_c1999.
300 _a1 videocasete (VHS) (160 min.) :
_bson., col.
440 0 _aMúsica
520 _aMagnífica producción de la obra maestra de Verdi, fué un éxito rotundo cuando se estrenó en la Scala de Milan en diciembre de 1985, con la interpretación de Luciano Pavarotti
650 4 _aOPERA
905 _aAudiovisuales
999 _c1347
_d1347